| 000 | 00851nam a22003135b 4500 | ||
|---|---|---|---|
| 001 | 5632 | ||
| 003 | DO-SdBNP | ||
| 005 | 20171212151748.0 | ||
| 007 | 5632 | ||
| 008 | 970123s1996 sp | ||| ||spa | ||
| 016 | 7 | _2BPMSU | |
| 017 |
_a _b |
||
| 020 | _a8433910361 | ||
| 035 | _a | ||
| 040 |
_aBPSMU _bspa _cBPMSU _e |
||
| 080 | 0 | _a | |
| 100 | 1 |
_aPardo, Jesús _d1927- |
|
| 245 | 1 |
_aAutorretrato sin retoques / _cJesús Pardo |
|
| 260 |
_aBarcelona : _bAnagrama, _c1996 |
||
| 300 |
_a428 p. ; _c22 cm |
||
| 490 |
_aNarraciones hispánicas _v206 |
||
| 500 | _aIncluye datos biográficos del autor en la solapa | ||
| 600 | 1 | 7 | _2 |
| 700 |
_aPardo, Jesús _d1927- |
||
| 830 |
_aNarraciones hispánicas _v206 |
||
| 942 |
_2ddc _cBK |
||
| 945 | _aInventariado extranjero 2017 / YL | ||
| 956 |
_a VMATEO _b10 _c20160824 _dBPMSU _f0069 |
||
| 999 |
_c11212 _d11212 |
||